| 000 | 00409 a2200133 4500 | ||
|---|---|---|---|
| 001 | ART_48690 | ||
| 005 | 20260410161822.0 | ||
| 008 | 260409a | ||
| 245 | 1 | 0 | _aAgravantes y atenuantes en el derecho tributario |
| 100 | 1 | _aVega, Gerardo E. | |
| 700 | 1 | _aVega, Juan Manuel | |
| 700 | 1 | _aVega, María S. | |
| 773 | 0 |
_tDoctrina Penal Tributaria y Económica _g- N° 51 (mar. 2019) _wREV4317 |
|
| 999 |
_c22432 _d22432 |
||